| 000 | 00490nam a22001697a 4500 | ||
|---|---|---|---|
| 003 | OSt | ||
| 005 | 20221109211050.0 | ||
| 008 | 221006b |||||||| |||| 00| 0 eng d | ||
| 020 | _a84-7232-974-7 | ||
| 040 | _cBiblioteca Lado V | ||
| 082 |
_a750 _bS997r |
||
| 100 |
_9178 _aSzeemann, Harald _ecurador |
||
| 245 |
_aThe real royal trip/ _bel retorno/ |
||
| 260 |
_aMuseo Patio Herreriano _bNew York _c2004 |
||
| 300 |
_c24x31cm _a358p. |
||
| 942 |
_2ddc _c1 _h750 _iS997r _n0 |
||
| 999 |
_c2542 _d2542 |
||